[Event "Hamburg HSK Christmas op"]
[Site "Hamburg"]
[Date "2022.12.29"]
[Round "5"]
[White "Apitzsch, Leon Fabian"]
[Black "Wiethuechter, Samuel"]
[Result "1/2-1/2"]
[WhiteElo "1993"]
[BlackElo "1712"]
[PlyCount "82"]
[EventDate "2022.12.27"]
[EventType "swiss"]
[EventRounds "7"]
[EventCountry "GER"]
[SourceTitle "EXT 2024"]
[Source "ChessBase"]
[SourceDate "2023.10.10"]
[SourceVersion "1"]
[SourceVersionDate "2023.10.10"]
[SourceQuality "1"]

1. e4 c6 2. Nc3 d5 3. Nf3 dxe4 4. Nxe4 Bg4 5. Bc4 e6 6. h3 Bh5 7. 0-0 Nd7 8. d4 Qc7 9. Re1 Ngf6 10. Ng3 Bg6 11. Ne5 Nd5 12. Bb3 Nxe5 13. dxe5 Rd8 14. Qe2 Be7 15. a3 0-0 16. Bd2 Qb6 17. Ne4 Qd4 18. Nc3 Nf4 19. Bxf4 Qxf4 20. Rad1 Bg5 21. g3 Qf5 22. Kg2 h5 23. f4 Bxf4 24. gxf4 Qxf4 25. Qf2 Qg5+ 26. Qg3 Qe7 27. Qe3 Rxd1 28. Rxd1 Rd8 29. Rxd8+ Qxd8 30. Ne4 Qd1 31. Nf2 Qb1 32. Qxa7 Qxb2 33. Qc5 Qc1 34. a4 Qg5+ 35. Kf1 Qc1+ 36. Ke2 h4 37. Qe3 Bh5+ 38. Kd3 Bg6+ 39. Ke2 Bh5+ 40. Ng4 Qh1 41. Qg5 Qg2+ 1/2-1/2

[Event "Hamburg HSK Christmas op"]
[Site "Hamburg"]
[Date "2022.12.27"]
[Round "2"]
[White "Apitzsch, Leon Fabian"]
[Black "Trisic, Aleksandar"]
[Result "1/2-1/2"]
[WhiteElo "1993"]
[BlackElo "2286"]
[PlyCount "100"]
[EventDate "2022.12.27"]
[EventType "swiss"]
[EventRounds "7"]
[EventCountry "GER"]
[SourceTitle "EXT 2024"]
[Source "ChessBase"]
[SourceDate "2023.10.10"]
[SourceVersion "1"]
[SourceVersionDate "2023.10.10"]
[SourceQuality "1"]

1. e4 c5 2. Nf3 d6 3. Bb5+ Bd7 4. Bxd7+ Qxd7 5. c4 Nf6 6. Nc3 e5 7. d3 h6 8. h3 Be7 9. Be3 Nc6 10. a3 Bd8 11. 0-0 0-0 12. Nh2 Nh7 13. Qg4 Qxg4 14. Nxg4 h5 15. Nh2 Nd4 16. Bxd4 cxd4 17. Nd5 Nf6 18. Nxf6+ Bxf6 19. g3 Bg5 20. f4 exf4 21. gxf4 Bh6 22. f5 b5 23. b3 Rfb8 24. Rfb1 Rb6 25. Kf2 Rab8 26. cxb5 Rxb5 27. b4 a5 28. Rb3 g6 29. fxg6 fxg6 30. Nf3 Be3+ 31. Ke2 g5 32. Ra2 Rf8 33. Rbb2 g4 34. hxg4 hxg4 35. Nh4 g3 36. Ng2 Rf2+ 37. Ke1 Rh5 38. Rxf2 gxf2+ 39. Rxf2 Bxf2+ 40. Kxf2 axb4 41. axb4 Rb5 42. Ne1 Rxb4 43. Nf3 Kf7 44. Kg3 Ke6 45. Kf4 Ra4 46. Kg5 Kd7 47. Kf6 Kc6 48. e5 Ra8 49. Nxd4+ Kd5 50. Ne6 dxe5 1/2-1/2

[Event "Oberliga Nord N 1920"]
[Site "Germany"]
[Date "2021.08.14"]
[Round "8.6"]
[White "Grahl, Arvid"]
[Black "Apitzsch, Leon Fabian"]
[Result "0-1"]
[WhiteElo "2186"]
[BlackElo "1987"]
[PlyCount "116"]
[EventDate "2019.09.29"]
[EventType "team-tourn"]
[EventRounds "9"]
[EventCountry "GER"]
[SourceTitle "EXT 2023"]
[Source "ChessBase"]
[SourceDate "2022.10.05"]
[SourceVersion "1"]
[SourceVersionDate "2022.10.05"]
[SourceQuality "1"]
[WhiteTeam "Schwerin SF"]
[BlackTeam "Hamburg Diogenes"]
[WhiteTeamCountry "GER"]
[BlackTeamCountry "GER"]

1. d4 d5 2. c4 c6 3. Nc3 Nf6 4. Nf3 dxc4 5. e3 b5 6. a4 b4 7. Nb1 Bg4 8. Bxc4 e6 9. Nbd2 Be7 10. h3 Bh5 11. a5 0-0 12. 0-0 Nbd7 13. b3 c5 14. Be2 Nd5 15. Bb2 Rc8 16. Nc4 cxd4 17. Nxd4 Bg6 18. Nb5 a6 19. Nd4 Nc5 20. Ne5 Qd6 21. Nxg6 hxg6 22. Bc4 Bf6 23. Qf3 Rfd8 24. Rfd1 Qe5 25. Rd2 Ne4 26. Rc2 Ndc3 27. Bxa6 Rc7 28. Bc4 Qc5 29. a6 Bxd4 30. exd4 Qxd4 31. Qe3 Qxe3 32. fxe3 Kf8 33. Bxc3 Nxc3 34. Kf2 Ke7 35. Ke1 Rcd7 36. Be2 e5 37. Ra5 Rd5 38. Rxd5 Rxd5 39. Rd2 Ra5 40. Bc4 Ra1+ 41. Kf2 Ne4+ 42. Ke2 Nxd2 43. Kxd2 Ra2+ 44. Kd3 Ra5 45. g4 f5 46. g5 Kd6 47. Bf7 Rxa6 48. Bxg6 Ke6 49. Kc4 Rb6 50. h4 f4 51. exf4 exf4 52. Bd3 Ke5 53. h5 Rd6 54. Be2 Rd4+ 55. Kc5 Rd2 56. Ba6 Rh2 57. Kxb4 Rxh5 58. g6 Kd4 0-1

[Event "Oberliga Nord N 1920"]
[Site "Germany"]
[Date "2020.01.19"]
[Round "5.8"]
[White "Buchholz, Sebastian"]
[Black "Apitzsch, Leon Fabian"]
[Result "1-0"]
[WhiteElo "2161"]
[BlackElo "1963"]
[PlyCount "73"]
[EventDate "2019.09.29"]
[EventType "team-tourn"]
[EventRounds "9"]
[EventCountry "GER"]
[SourceTitle "CBM 195 Extra"]
[Source "ChessBase"]
[SourceDate "2020.05.31"]
[SourceVersion "1"]
[SourceVersionDate "2020.05.31"]
[SourceQuality "1"]

1. e4 c5 2. Nf3 e6 3. d4 cxd4 4. Nxd4 Nf6 5. Nc3 Nc6 6. Bf4 Bb4 7. Nxc6 bxc6 8. a3 Bxc3+ 9. bxc3 Qa5 10. Bd3 Qxc3+ 11. Bd2 Qd4 12. 0-0 d5 13. exd5 exd5 14. Bb4 Be6 15. Re1 Qb6 16. Rb1 Rb8 17. c4 Qc7 18. cxd5 Nxd5 19. Qg4 g6 20. Qd4 Kd7 21. Rbd1 Qb6 22. Bc5 Qa5 23. Bc4 Rhc8 24. h4 h5 25. Re5 Kc7 26. Bxa7 Rb7 27. Bc5 Rcb8 28. Bxd5 cxd5 29. Bb4 Qb5 30. Qf4 Kb6 31. Qd4+ Ka6 32. Rc1 Rb6 33. Rc5 Qd7 34. Re1 Rc8 35. Ra5+ Kb7 36. Bc5 Rb5 37. Ra7+ 1-0

[Event "Hamburg-ch MA"]
[Site "Hamburg"]
[Date "2019.06.12"]
[Round "5"]
[White "Garner, Isaac"]
[Black "Apitzsch, Leon Fabian"]
[Result "1-0"]
[WhiteElo "1893"]
[BlackElo "1972"]
[PlyCount "53"]
[EventDate "2019.06.08"]
[EventType "swiss"]
[EventRounds "9"]
[EventCountry "GER"]
[SourceTitle "EXT 2022"]
[Source "ChessBase"]
[SourceDate "2021.10.06"]
[SourceVersion "1"]
[SourceVersionDate "2021.10.06"]
[SourceQuality "1"]

1. e4 c5 2. Nf3 e6 3. b3 d5 4. Bb5+ Bd7 5. Bxd7+ Nxd7 6. exd5 exd5 7. d4 Ngf6 8. 0-0 Be7 9. Bb2 0-0 10. Nbd2 Rc8 11. Re1 Re8 12. c4 cxd4 13. Nxd4 Nc5 14. Nf5 Nd3 15. Rxe7 Nxb2 16. Rxe8+ Nxe8 17. Qc2 dxc4 18. bxc4 Nd3 19. Ne4 Rc7 20. Rd1 Rd7 21. Qc3 Nf4 22. Re1 Rd3 23. Qb4 Qd7 24. Nc5 Qd8 25. Nxd3 Nxd3 26. Qd2 Qa5 27. Rxe8# 1-0

[Event "Hamburg-ch MA"]
[Site "Hamburg"]
[Date "2019.06.11"]
[Round "4"]
[White "Apitzsch, Leon Fabian"]
[Black "Anderberg, Peter"]
[Result "1/2-1/2"]
[WhiteElo "1972"]
[BlackElo "2005"]
[PlyCount "65"]
[EventDate "2019.06.08"]
[EventType "swiss"]
[EventRounds "9"]
[EventCountry "GER"]
[SourceTitle "EXT 2022"]
[Source "ChessBase"]
[SourceDate "2021.10.06"]
[SourceVersion "1"]
[SourceVersionDate "2021.10.06"]
[SourceQuality "1"]

1. d4 d5 2. c4 e6 3. Nc3 Nf6 4. Bg5 Be7 5. e3 0-0 6. Nf3 Nbd7 7. Rc1 c6 8. Bd3 dxc4 9. Bxc4 Nd5 10. Bxe7 Qxe7 11. 0-0 Nxc3 12. Rxc3 e5 13. Re1 Re8 14. dxe5 Nxe5 15. Nxe5 Qxe5 16. Qb3 Qe7 17. Rd1 Bf5 18. Bd3 Be6 19. Bc4 Bf5 20. f3 Red8 21. e4 Rxd1+ 22. Qxd1 Rd8 23. Rd3 Rxd3 24. Qxd3 Be6 25. Bxe6 Qc5+ 26. Kf1 Qc1+ 27. Ke2 Qxb2+ 28. Kf1 fxe6 29. Qd8+ Kf7 30. Qc7+ Kf8 31. Qd8+ Kf7 32. Qc7+ Kf8 33. Qd8+ 1/2-1/2

[Event "Hamburg-ch MA"]
[Site "Hamburg"]
[Date "2019.06.09"]
[Round "2"]
[White "Apitzsch, Leon Fabian"]
[Black "Schiele, Lars"]
[Result "0-1"]
[WhiteElo "1972"]
[BlackElo "2089"]
[PlyCount "68"]
[EventDate "2019.06.08"]
[EventType "swiss"]
[EventRounds "9"]
[EventCountry "GER"]
[SourceTitle "EXT 2022"]
[Source "ChessBase"]
[SourceDate "2021.10.06"]
[SourceVersion "1"]
[SourceVersionDate "2021.10.06"]
[SourceQuality "1"]

1. e4 e5 2. Nf3 Nc6 3. c3 d5 4. Qa4 f6 5. Bb5 Nge7 6. exd5 Qxd5 7. 0-0 Bd7 8. Bc4 Qd6 9. Qa3 e4 10. Ne1 Qe5 11. d4 Qh5 12. b4 Nf5 13. Qb2 Bd6 14. g3 0-0-0 15. a4 Qh3 16. f3 e3 17. Qg2 Qh6 18. a5 Nfxd4 19. cxd4 Bh3 20. Qb2 Bxf1 21. Bxf1 Nxd4 22. Qxd4 Be5 23. Qg4+ Kb8 24. Ra2 Rd1 25. Nd3 Rd8 26. Rc2 R8xd3 27. Kg2 Rd4 28. f4 Re1 29. Qe6 a6 30. fxe5 Qg6 31. Qg8+ Ka7 32. Rxc7 Qe4+ 33. Kg1 Rxf1+ 34. Kxf1 Qf3+ 0-1

[Event "Oberliga Nord N 1819"]
[Site "Germany"]
[Date "2019.02.24"]
[Round "7.8"]
[White "Kornrumpf, Joachim"]
[Black "Apitzsch, Leon Fabian"]
[Result "0-1"]
[WhiteElo "2050"]
[BlackElo "1917"]
[PlyCount "62"]
[EventDate "2018.10.21"]
[EventType "team-tourn"]
[EventRounds "9"]
[EventCountry "GER"]
[SourceTitle "EXT 2020"]
[Source "ChessBase"]
[SourceDate "2019.10.17"]
[SourceVersion "1"]
[SourceVersionDate "2019.10.17"]
[SourceQuality "1"]
[WhiteTeam "Preetz"]
[BlackTeam "Hamburg Diogenes"]
[WhiteTeamCountry "GER"]
[BlackTeamCountry "GER"]

1. b3 e5 2. Bb2 Nc6 3. e3 d5 4. Bb5 Bd6 5. f4 Qh4+ 6. g3 Qe7 7. Nf3 f6 8. Nc3 Be6 9. fxe5 fxe5 10. 0-0 Nf6 11. Ng5 Bd7 12. e4 a6 13. Be2 d4 14. Nb1 0-0 15. d3 h6 16. Nf3 Bh3 17. Re1 Ng4 18. Bc1 Bb4 19. Bf1 Bxe1 20. Bxh3 Nf2 21. Qxe1 Nxh3+ 22. Kg2 Qf6 23. Qe2 g5 24. Ba3 g4 25. Nbd2 Rf7 26. Qf1 Qg6 27. Qd1 gxf3+ 28. Nxf3 Qg4 29. Nh4 Rf2+ 30. Kh1 Qxd1+ 31. Rxd1 Rxc2 0-1

[Event "Oberliga Nord N 1819"]
[Site "Germany"]
[Date "2019.01.20"]
[Round "5.8"]
[White "Apitzsch, Leon Fabian"]
[Black "Rittemann, Steffen"]
[Result "1-0"]
[WhiteElo "1917"]
[BlackElo "2173"]
[PlyCount "101"]
[EventDate "2018.10.21"]
[EventType "team-tourn"]
[EventRounds "9"]
[EventCountry "GER"]
[SourceTitle "EXT 2020"]
[Source "ChessBase"]
[SourceDate "2019.10.17"]
[SourceVersion "1"]
[SourceVersionDate "2019.10.17"]
[SourceQuality "1"]
[WhiteTeam "Hamburg Diogenes"]
[BlackTeam "Schwerin SF"]
[WhiteTeamCountry "GER"]
[BlackTeamCountry "GER"]

1. e4 c5 2. Nc3 a6 3. a4 d6 4. g3 g6 5. Bg2 Bg7 6. Nge2 Nc6 7. 0-0 e6 8. d3 Nge7 9. Be3 Nd4 10. Qd2 0-0 11. Nd1 Re8 12. Nxd4 cxd4 13. Bh6 Bh8 14. f4 Qc7 15. c4 dxc3 16. bxc3 Bd7 17. d4 Rac8 18. Ra3 Qa5 19. Ne3 Rc7 20. e5 Nf5 21. Nxf5 exf5 22. exd6 Rc4 23. Qd3 Rec8 24. Bxb7 Rxc3 25. Rxc3 Rxc3 26. Qxa6 Bxd4+ 27. Kg2 Qxa6 28. Bxa6 Bc6+ 29. Kh3 Rc2 30. Re1 f6 31. Bb5 Bg2+ 32. Kh4 Be4 33. Re2 Rxe2 34. Bxe2 Kf7 35. Bc4+ Ke8 36. Bg8 Bc6 37. a5 Bc5 38. Bg7 Bxd6 39. Bxf6 h6 40. Bg7 Bf8 41. Bxf8 Kxf8 42. Bc4 Ke7 43. h3 Kf6 44. g4 g5+ 45. Kg3 fxg4 46. hxg4 h5 47. gxh5 Bb7 48. Bd3 Bc8 49. h6 gxf4+ 50. Kxf4 Bb7 51. Ke3 1-0

[Event "Oberliga Nord N 1819"]
[Site "Germany"]
[Date "2018.11.25"]
[Round "3.8"]
[White "Apitzsch, Leon Fabian"]
[Black "Kluenger, Marc"]
[Result "1/2-1/2"]
[WhiteElo "1917"]
[BlackElo "2203"]
[PlyCount "120"]
[EventDate "2018.10.21"]
[EventType "team-tourn"]
[EventRounds "9"]
[EventCountry "GER"]
[SourceTitle "EXT 2020"]
[Source "ChessBase"]
[SourceDate "2019.10.17"]
[SourceVersion "1"]
[SourceVersionDate "2019.10.17"]
[SourceQuality "1"]
[WhiteTeam "Hamburg Diogenes"]
[BlackTeam "Hamburg Schachfreunde"]
[WhiteTeamCountry "GER"]
[BlackTeamCountry "GER"]

1. e4 c5 2. Nf3 e6 3. c3 Nf6 4. e5 Nd5 5. d4 cxd4 6. cxd4 d6 7. Nc3 Nxc3 8. bxc3 Qc7 9. Bd2 Nd7 10. exd6 Bxd6 11. Bd3 b6 12. Qe2 Bb7 13. Be4 Bxe4 14. Qxe4 0-0 15. 0-0 Rac8 16. Rfc1 Qc4 17. Bg5 h6 18. Bh4 g5 19. Nd2 Qc6 20. Bg3 Ba3 21. Rc2 Qxe4 22. Nxe4 Rc6 23. f4 f5 24. Nd2 Rfc8 25. Re1 g4 26. c4 Kf7 27. Re2 Bb4 28. Bh4 Bxd2 29. Rcxd2 Rxc4 30. d5 Re4 31. dxe6+ Kxe6 32. Rxe4+ fxe4 33. f5+ Kxf5 34. Rxd7 Rc1+ 35. Kf2 Rc2+ 36. Ke3 Rxa2 37. Bf2 Ra3+ 38. Ke2 Ra2+ 39. Rd2 Ra5 40. Rb2 Ke5 41. Be1 Rd5 42. Ra2 Rd7 43. Ra6 h5 44. Bg3+ Kf5 45. Bb8 Rb7 46. Bxa7 Rc7 47. Ra2 Rb7 48. Ke3 h4 49. Ra6 Rc7 50. Bxb6 Rc2 51. Ra5+ Kg6 52. Kxe4 Rxg2 53. Bc7 g3 54. hxg3 hxg3 55. Kf3 Rc2 56. Bxg3 Kf6 57. Bf2 Ke6 58. Bd4 Rc1 59. Ke4 Re1+ 60. Be3 Kd6 1/2-1/2

[Event "Oberliga Nord N 1819"]
[Site "Germany"]
[Date "2018.11.11"]
[Round "2.7"]
[White "Apitzsch, Leon Fabian"]
[Black "Wagner, Friedrich"]
[Result "1-0"]
[WhiteElo "1917"]
[BlackElo "2160"]
[PlyCount "91"]
[EventDate "2018.10.21"]
[EventType "team-tourn"]
[EventRounds "9"]
[EventCountry "GER"]
[SourceTitle "EXT 2020"]
[Source "ChessBase"]
[SourceDate "2019.10.17"]
[SourceVersion "1"]
[SourceVersionDate "2019.10.17"]
[SourceQuality "1"]
[WhiteTeam "Hamburg Diogenes"]
[BlackTeam "Hamburg Koenigsspringer"]
[WhiteTeamCountry "GER"]
[BlackTeamCountry "GER"]

1. e4 c6 2. Nc3 d5 3. Nf3 Bg4 4. h3 Bxf3 5. Qxf3 e6 6. d4 dxe4 7. Qxe4 Nf6 8. Qd3 Be7 9. Be2 0-0 10. Be3 Na6 11. 0-0 Rc8 12. Rfd1 Qc7 13. Bf3 Nb4 14. Qe2 Nbd5 15. Nxd5 cxd5 16. c3 Nd7 17. Rac1 Rfe8 18. Qd3 a5 19. Qb5 Qc6 20. Qxc6 bxc6 21. c4 Nb6 22. b3 a4 23. c5 Nd7 24. b4 Bf6 25. b5 Ra8 26. bxc6 Nb8 27. Rb1 Nxc6 28. Rb6 Rec8 29. Be2 Bd8 30. Rb5 Kf8 31. Rdb1 Bf6 32. Rd1 h6 33. Kf1 Rcb8 34. Rb6 Rxb6 35. cxb6 Rb8 36. Bb5 Rxb6 37. Bxa4 Na5 38. Rc1 Rb4 39. Rc8+ Ke7 40. Re8+ Kd6 41. Bf4+ e5 42. dxe5+ Kc5 43. exf6 gxf6 44. Rc8+ Kb6 45. Bc7+ Kb7 46. Rb8+ 1-0

[Event "Oberliga Nord N 1718"]
[Site "Germany"]
[Date "2017.10.08"]
[Round "1.8"]
[White "Pajeken, Jakob Leon"]
[Black "Apitzsch, Leon Fabian"]
[Result "1-0"]
[WhiteElo "2152"]
[BlackElo "1974"]
[PlyCount "55"]
[EventDate "2017.10.08"]
[EventType "team-tourn"]
[EventRounds "9"]
[EventCountry "GER"]
[SourceTitle "EXT 2019"]
[Source "ChessBase"]
[SourceDate "2018.10.10"]
[SourceVersion "1"]
[SourceVersionDate "2018.10.10"]
[SourceQuality "1"]
[WhiteTeam "Hamburger SK III"]
[BlackTeam "Hamburg Diogenes"]
[WhiteTeamCountry "GER"]
[BlackTeamCountry "GER"]

1. e4 e5 2. Nf3 Nc6 3. Bb5 a6 4. Ba4 Nf6 5. d3 Bc5 6. c3 b5 7. Bc2 d6 8. 0-0 Bg4 9. h3 Bh5 10. Re1 h6 11. Nbd2 0-0 12. Nf1 Re8 13. g4 Nxg4 14. hxg4 Bxg4 15. N1h2 Bh5 16. Be3 Qf6 17. Qe2 Rad8 18. b4 Bxe3 19. Qxe3 d5 20. exd5 Rxd5 21. d4 e4 22. Bxe4 Bg6 23. Ne5 Bxe4 24. Qxe4 Qg5+ 25. Kh1 Rd6 26. f4 Qh4 27. Qf3 Rde6 28. Rg1 1-0

[Event "Harburg-chB 12th"]
[Site "Hamburg"]
[Date "2017.08.05"]
[Round "2"]
[White "Pubantz, Jan"]
[Black "Apitzsch, Leon Fabian"]
[Result "1-0"]
[WhiteElo "2013"]
[BlackElo "1946"]
[PlyCount "123"]
[EventDate "2017.08.06"]
[EventType "tourn"]
[EventRounds "5"]
[EventCountry "GER"]
[SourceTitle "CBM 180 Extra"]
[Source "ChessBase"]
[SourceDate "2017.10.06"]
[SourceVersion "1"]
[SourceVersionDate "2017.10.06"]
[SourceQuality "1"]

1. d4 d5 2. c4 c6 3. Nf3 Nf6 4. Nc3 dxc4 5. a4 Bf5 6. Ne5 e6 7. f3 Bb4 8. Bg5 c5 9. dxc5 Qa5 10. Nxc4 Bxc3+ 11. bxc3 Qxc3+ 12. Nd2 Nc6 13. Rc1 Qa5 14. e4 Bg6 15. Bb5 h6 16. Bf4 0-0 17. 0-0 Rfd8 18. Bd6 a6 19. Nc4 Qb4 20. Rb1 Qc3 21. Bxc6 bxc6 22. Ne5 Bh5 23. Rb3 Rxd6 24. Rxc3 Rxd1 25. Rxd1 Nxe4 26. Rc4 Nf6 27. Nxc6 Nd5 28. Kf2 Rc8 29. Ne5 f6 30. Nd3 Rb8 31. Rd2 Kf8 32. Rb2 Rxb2+ 33. Nxb2 Ke7 34. Nd3 a5 35. Nf4 Nxf4 36. Rxf4 Be8 37. Rc4 Bc6 38. Ke3 e5 39. g3 Ke6 40. f4 exf4+ 41. gxf4 Kd5 42. Kd3 Be8 43. f5 Bc6 44. Kc3 h5 45. Kb3 Be8 46. Rc3 Bc6 47. Rg3 Kxc5 48. Rxg7 Kd4 49. Ra7 Ke4 50. Rxa5 Bd7 51. Rc5 Bxf5 52. Rxf5 Kxf5 53. a5 Kg4 54. a6 Kh3 55. a7 Kxh2 56. a8Q h4 57. Qf3 h3 58. Kc4 f5 59. Kd4 f4 60. Ke4 Kg1 61. Qxh3 f3 62. Qxf3 1-0

[Event "Kiel op-A 29th"]
[Site "Kiel"]
[Date "2016.08.03"]
[Round "7"]
[White "Apitzsch, Leon Fabian"]
[Black "Rosenburg, Thies"]
[Result "1/2-1/2"]
[WhiteElo "1841"]
[BlackElo "1728"]
[PlyCount "152"]
[EventDate "2016.07.30"]
[EventType "swiss"]
[EventRounds "9"]
[EventCountry "GER"]
[SourceTitle "CBM 173 Extra"]
[Source "ChessBase"]
[SourceDate "2016.08.29"]
[SourceVersion "1"]
[SourceVersionDate "2016.08.29"]
[SourceQuality "1"]

1. e4 c6 2. Nf3 d5 3. Nc3 dxe4 4. Nxe4 Nf6 5. Ng3 g6 6. Bc4 Bg7 7. 0-0 0-0 8. Re1 Nbd7 9. d4 Nb6 10. Bb3 Bg4 11. c3 Qc7 12. h3 Bxf3 13. Qxf3 Rac8 14. Bf4 Qd7 15. Ne4 Nbd5 16. Bh2 b6 17. Rad1 Nxe4 18. Rxe4 e6 19. Ree1 Rcd8 20. a3 Qe7 21. Re2 Qf6 22. Qe4 Ne7 23. Be5 Qf5 24. Bxg7 Qxe4 25. Rxe4 Kxg7 26. Kf1 Rd7 27. Ree1 Rfd8 28. Ke2 Kf6 29. Kf3 g5 30. Bc2 h5 31. g3 Nc8 32. Ba4 Ne7 33. Rh1 Rd5 34. h4 Rf5+ 35. Kg2 g4 36. Rhe1 Ra5 37. Bc2 Rb5 38. b3 Ra5 39. a4 c5 40. dxc5 Rxd1 41. Rxd1 Rxc5 42. c4 Re5 43. Kf1 Nc6 44. Rd7 Nb4 45. Bb1 Ra5 46. Ke2 Nc6 47. Rd6 Ne5 48. Be4 Ke7 49. Rd2 f5 50. Bg2 Rc5 51. Rd4 Nd7 52. Kd2 a5 53. Kc3 Re5 54. Rd2 Nc5 55. b4 Na6 56. bxa5 bxa5 57. Bc6 Nb4 58. Bb5 Re1 59. Rd7+ Kf6 60. Ra7 Re2 61. Rxa5 Na2+ 62. Kd4 Rxf2 63. Ra6 Nb4 64. Rb6 Nc2+ 65. Kc5 f4 66. gxf4 g3 67. Bc6 Rxf4 68. Rb3 Nd4 69. Rxg3 Nxc6 70. Kxc6 Rxc4+ 71. Kb5 Rxh4 72. a5 Rh2 73. a6 Ra2 74. Rh3 Kg5 75. Re3 Kf5 76. Rh3 Kg5 1/2-1/2

[Event "Kiel op-A 29th"]
[Site "Kiel"]
[Date "2016.07.31"]
[Round "3"]
[White "Apitzsch, Leon Fabian"]
[Black "Kertesz, Oliver"]
[Result "1-0"]
[WhiteElo "1841"]
[BlackElo "1700"]
[PlyCount "35"]
[EventDate "2016.07.30"]
[EventType "swiss"]
[EventRounds "9"]
[EventCountry "GER"]
[SourceTitle "CBM 173 Extra"]
[Source "ChessBase"]
[SourceDate "2016.08.29"]
[SourceVersion "1"]
[SourceVersionDate "2016.08.29"]
[SourceQuality "1"]

1. e4 d5 2. exd5 Qxd5 3. Nc3 Qd8 4. Bc4 Nf6 5. Nf3 a6 6. 0-0 b5 7. Bb3 c5 8. d3 e6 9. Bg5 Be7 10. a4 b4 11. Ne2 Bb7 12. Nf4 Qd6 13. Re1 Nc6 14. Bxe6 fxe6 15. Nxe6 Kf7 16. Bf4 Qd7 17. d4 Qxe6 18. Ng5+ 1-0

[Event "Hamburg-ch cand"]
[Site "Hamburg"]
[Date "2016.05.14"]
[Round "1"]
[White "Klausch, Uwe"]
[Black "Apitzsch, Leon Fabian"]
[Result "1/2-1/2"]
[WhiteElo "1908"]
[BlackElo "1707"]
[PlyCount "52"]
[EventDate "2016.05.14"]
[EventType "swiss"]
[EventRounds "9"]
[EventCountry "GER"]
[SourceTitle "EXT 2018"]
[Source "ChessBase"]
[SourceDate "2017.10.13"]
[SourceVersion "1"]
[SourceVersionDate "2017.10.13"]
[SourceQuality "1"]

1. e4 c5 2. Nf3 e6 3. d4 cxd4 4. Nxd4 a6 5. Bd3 Nc6 6. Nxc6 bxc6 7. 0-0 Bc5 8. c4 Ne7 9. Nc3 0-0 10. b3 Ng6 11. Bb2 Qe7 12. Na4 Bd6 13. e5 Nxe5 14. Bxh7+ Kxh7 15. Qh5+ Kg8 16. Bxe5 Bxe5 17. Qxe5 d6 18. Qe3 c5 19. Rad1 Qc7 20. Rd2 Bb7 21. Rfd1 Rad8 22. Rd3 Bc6 23. Nc3 Rd7 24. Qd2 Rfd8 25. Qe3 Qb7 26. f3 Qc7 1/2-1/2